Kiểm toán

שמור ב:
מידע ביבליוגרפי
מחבר תאגידי: Bộ môn Kiểm toán
פורמט: ספר
שפה:Undetermined
יצא לאור: Tp. HCM. Thống Kê 2001
נושאים:
תגים: הוספת תג
אין תגיות, היה/י הראשונ/ה לתייג את הרשומה!
Thư viện lưu trữ: Trung tâm Học liệu Trường Đại học Cần Thơ
LEADER 00452nam a2200169Ia 4500
001 CTU_46686
008 210402s9999 xx 000 0 und d
082 |a 657.45 
082 |b B450 
110 |a Bộ môn Kiểm toán 
245 0 |a Kiểm toán 
245 0 |c Bộ môn Kiểm tóan 
260 |a Tp. HCM. 
260 |b Thống Kê 
260 |c 2001 
650 |a auditing 
980 |a Trung tâm Học liệu Trường Đại học Cần Thơ